Flags in the style of Japan - Statistics

General Stats
  • This quiz has been taken 39 times
  • The average score is 12 of 15
Answer Stats
Picture Answer % Correct
United States
100%
Denmark
94%
Bangladesh
91%
Brazil
91%
Kazakhstan
91%
Palau
91%
Ethiopia
89%
North Macedonia
89%
Taiwan
89%
Kiribati
86%
Saudi Arabia
86%
North Korea
83%
India
34%
Poland
34%
Portugal
20%
No matching quizzes found
Score Distribution
Percent of People with Each Score
Percentile by Number Answered
Your Score History
You have not taken this quiz